| 000 | 00886nam a2200241 u 4500 | ||
|---|---|---|---|
| 005 | 20250213063816.0 | ||
| 008 | 121108s2005 r 000 0 eng d | ||
| 020 | _a968522403X | ||
| 020 | _a9685224587 | ||
| 035 | _aUPN01000188241 | ||
| 049 | _aCG | ||
| 050 | 4 |
_aLB3610 _bR6.8 |
|
| 100 | 1 |
_aRodríguez Aguilar, Edgar _933188 |
|
| 245 | 1 | 0 |
_aVuelta al laberinto de la modernidad : _banálisis de momentos clave del diálogo en el movimiento estudiantil de 1999 / _cEdgar Rodríguez Aguilar. |
| 260 |
_aMéxico : _bInstituto Mexicano de la Juventud, _c2005. |
||
| 300 |
_a211 p. : _bil. |
||
| 440 | 0 |
_aJóvenes ; _v17 |
|
| 650 | 0 |
_aEstudiantes _xActividad política _zMéxico _918029 |
|
| 650 | 4 |
_aMovimientos estudiantiles _zMéxico _xHistoria _ySiglo XX _94249 |
|
| 610 | 2 | 7 |
_aUniversidad Nacional Autónoma de México _xEstudiantes _2 _916920 |
| 905 | _aLibro | ||
| 999 |
_c160344 _d160344 |
||